Normal view
MARC view
- TRATADO DE UTRECH
Entry Título Uniforme
001 - NÚMERO DE CONTROL DEL REGISTRO
- Campo de control: 25281
003 - IDENTIFICADOR DEL NÚMERO DE CONTROL
- Campo de control: UPN
005 - FECHA Y HORA DE LA ÚLTIMA TRANSACCIÓN
- Campo de control: 20210219194021.0
008 - ELEMENTOS DE LONGITUD FIJA
- Campo de control de longitud fija : nabaccnnaabn|||||||||| b |nc|||||d
035 ## - NÚMERO DE CONTROL DEL SISTEMA
- Número de control de sistema local: UPN10000025290
040 ## - FUENTE DE LA CATALOGACIÓN
- Idioma de la catalogación: SPA
- Agencia que realiza la transcripción: UPN
130 #0 - ENCABEZAMIENTO - TÍTULO UNIFORME
- Título uniforme: TRATADO DE UTRECH
- Fecha de la firma de un tratado: (1713)
670 ## - FUENTE EN LA QUE SE LOCALIZARON DATOS
- Cita de la fuente: LC
- Información localizada: Treaty of Utrech (1713)
902 ## - CATALOGADOR
- Catalogador: MCM/120117
